| LEADER | 00658nam a2200193 4500 | ||
|---|---|---|---|
| 999 | |c 5671 |d 5671 | ||
| 082 | |a 428 |b A107ng | ||
| 100 | |a | ||
| 242 | |a Bank on your English: An Elementary course in communication for bank employees | ||
| 245 | |a Anh ngữ giao dịch ngân hàng |c Hồ Văn Điệp biên dịch | ||
| 260 | |a Tp HCM |b Nxb Trẻ |c 1996 | ||
| 300 | |a 235 tr. |c 21cm | ||
| 520 | |a v...v | ||
| 653 | |a Ngôn ngữ | ||
| 653 | |a Tiếng Anh | ||
| 653 | |a Ngân hàng | ||
| 653 | |a Giao dịch | ||
| 942 | |2 ddc |c SH | ||
| 952 | |0 0 |1 0 |2 ddc |4 0 |6 428_000000000000000_A107NG |7 0 |8 400 |9 52116 |a qbu |b qbu |c D4 |d 2014-12-26 |g 18000 |o 428 A107ng |p 2516.c1 |r 0000-00-00 |w 2014-12-26 |y SH | ||